00381nam a22001337a 450000500170000002000230001703500120004003700130005210000180006524500710008326000470015430000230020170000230022420120424114929.0 a8170230586c210.00 aB-47014 aDPLbENG aChand, Mahesh aRegional planning in India /cby Mahesh Chand and Vinay Kumar Puri aNew DelhibAllied Publishers Limitedc2000 axi, 541p.c22 cms. aPuri, Vinay Kumar